000 00368nam a22001337a 4500
008 170922b xxu||||| |||| 00| 0 eng d
020 _a9780761931263
041 _aeng
080 _a37
100 _a46
101 _aEDU
245 _aWHAT EVERY TEACHER SHOULD KNOW ABOUT THE PROFESSION AND POLITICS OF TEACHING
_cTILESTON.D.W
942 _2udc
_cBK
999 _c29086
_d29086